Jus ecclesiasticum universum brevi methodo ad discentium utilitatem explicatum seu lucubrationes canonicae... Gregorii IX

Detalles Bibliográficos
Autor principal: SCHAMALZGRUEBER, Francisco
Formato: Libro
Materias:
Colección:Banco de datos
Acervo:Biblioteca Nacional de Antropología e Historia. Fondo Conventual
Descripción Física:t. I, [2° parte]
Tema general:Derecho Eclesiástico
Notas:. XI, 6, 3. Ex libris impreso de Ramón Ibarra González. Ex libris manuscrito.
LEADER 00835nam a22002050004500
035 |a 12736 
036 |a 282 
100 1 |a SCHAMALZGRUEBER, Francisco 
245 1 0 |a Jus ecclesiasticum universum brevi methodo ad discentium utilitatem explicatum seu lucubrationes canonicae... Gregorii IX 
260 |b rev. Cámara Apostólica 
300 |a t. I, [2° parte] 
500 |a . XI, 6, 3. Ex libris impreso de Ramón Ibarra González. Ex libris manuscrito. 
650 1 0 |a Derecho Eclesiástico 
949 |a B.N.A.H. 
959 |a Biblioteca Nacional de Antropología e Historia. Ciudad de México  |b CCC1 
960 |a Colección General de B.N.A.H. de la ciudad de México  |b DD58 
961 |a Varias Ordenes Religiosas  |b VO 
942 |c B.N.A.H. 
943 |g Biblioteca Nacional de Antropología e Historia. Fondo Conventual 
999 |c 1037268  |d 1037268